Statistieken voor In welke stad gebeurde het #2

Klik hier om de quiz te nemen!

Algemene statistieken

  • Deze quiz is 53 keer genomen
  • De gemiddelde score is 9 van 20

Antwoordstatistieken

JaartalBeschrijving van de gebeurtenisStad% Correct
1961Deze stad wordt in tweeën gedeeld door een gigantische muurBerlijn
91%
1792Start van de bouw van het Witte HuisWashington D.C.
80%
1506Door de haven wordt deze Vlaamse stad de belangrijkste handelsstad van West-EuropaAntwerpen
75%
1986Kernramp die grote gevolgen had voor heel EuropaTsjernobyl
73%
2017Terroristische aanslagen op La RamblaBarcelona
70%
1929Een beurscrash verspreidt zich over de VSNew York
70%
1163Bouw van de in 2019 door een brand verwoestte kathedraalParijs
66%
2008Olympische Spelen 2008Peking
66%
1713Dit kleine stadje is nog steeds een Britse Kroonkolonie in Zuid-EuropaGibraltar
64%
1453De val van deze stad betekende het einde van het Byzantijnse RijkConstantinopel
39%
1666Een grote brand verwoest het grootste deel van deze stadLonden
32%
1967Grote brand in winkelcomplex InnovationBrussel
30%
2000Deze stad onttroont Chicago als drukste luchthaven ter wereldAtlanta
25%
1868Deze stad, die tot dan Edo heette, krijgt een nieuwe naamTokio
25%
1088Stichting van de oudste universiteit ter wereldBologna
14%
1815Stad waar het nieuwe Europa werd verdeeld na de val van NapoleonWenen
14%
1943Keerpunt in WOII wanneer de Duitsers deze stad niet kunnen veroverenVolgograd
11%
1918De Soviet Unie en het Duitse Rijk sluiten vrede in deze stad in Wit-RuslandBrest
7%
1349Ergste pogrom uit de geschiedenis, honderden Joden worden vermoordStraatsburg
2%
1797Napoleon valt hier binnen en brengt een einde aan de 1100 jarige gelijknamige republiekVenetië
0%

Scoreverdeling

Percentiel versus Aantal Correcte Antwoorden

Procent van Mensen met Elke Score

Uw Scoregeschiedenis

U heeft deze quiz nog niet genomen